<?xml version="1.0" encoding="UTF-8"?>
<record
    xmlns:xsi="http://www.w3.org/2001/XMLSchema-instance"
    xsi:schemaLocation="http://www.loc.gov/MARC21/slim http://www.loc.gov/standards/marcxml/schema/MARC21slim.xsd"
    xmlns="http://www.loc.gov/MARC21/slim">

  <leader>02295nam a2200313 a 4500</leader>
  <controlfield tag="001">000048066</controlfield>
  <controlfield tag="003">DO-SdBNP</controlfield>
  <controlfield tag="005">20240305073651.0</controlfield>
  <controlfield tag="007">ta</controlfield>
  <controlfield tag="008">181112s2016    dr ac         000 0 spa d</controlfield>
  <datafield tag="020" ind1=" " ind2=" ">
    <subfield code="a">9789945901641</subfield>
  </datafield>
  <datafield tag="040" ind1=" " ind2=" ">
    <subfield code="a">DO-SdBNP</subfield>
    <subfield code="b">spa</subfield>
    <subfield code="c">BNPHU</subfield>
  </datafield>
  <datafield tag="082" ind1=" " ind2="4">
    <subfield code="a">972.93</subfield>
    <subfield code="b">T595i</subfield>
    <subfield code="2">22</subfield>
  </datafield>
  <datafield tag="100" ind1="1" ind2=" ">
    <subfield code="a">Tippenhauer, Louis Gentil,</subfield>
    <subfield code="d">1867-1929.</subfield>
    <subfield code="9">75570</subfield>
  </datafield>
  <datafield tag="245" ind1="1" ind2="3">
    <subfield code="a">La isla de Hait&#xED; /</subfield>
    <subfield code="c">Louis Gentil Tippenhauer ; traducci&#xF3;n Mar&#xED;a Isabel Romero Reche ; edici&#xF3;n Jes&#xFA;s R. Navarro Zerpa </subfield>
  </datafield>
  <datafield tag="260" ind1=" " ind2=" ">
    <subfield code="a">Santo Domingo :</subfield>
    <subfield code="b">Academia Dominicana de la Historia,</subfield>
    <subfield code="c">2016.</subfield>
  </datafield>
  <datafield tag="300" ind1=" " ind2=" ">
    <subfield code="a">912 p. :</subfield>
    <subfield code="b">il., fots., retrs. ;</subfield>
    <subfield code="c">23 cm.</subfield>
  </datafield>
  <datafield tag="490" ind1="0" ind2=" ">
    <subfield code="a">Academia Dominicana de la Historia</subfield>
    <subfield code="v">139</subfield>
  </datafield>
  <datafield tag="500" ind1=" " ind2=" ">
    <subfield code="a">Incluye datos biogr&#xE1;ficos del autor en la solapa de la contracubierta</subfield>
  </datafield>
  <datafield tag="504" ind1=" " ind2=" ">
    <subfield code="a">Bibliograf&#xED;a : p. 861-869</subfield>
  </datafield>
  <datafield tag="505" ind1="0" ind2=" ">
    <subfield code="a">Quisquella --</subfield>
    <subfield code="t">Introducci&#xF3;n --</subfield>
    <subfield code="t">Las condiciones orogr&#xE1;ficas de la isla --</subfield>
    <subfield code="t">Ordenaci&#xF3;n horizontal --</subfield>
    <subfield code="t">Ordenaci&#xF3;n vertical --</subfield>
    <subfield code="t">Hidrograf&#xED;a de las Antillas Mayores --</subfield>
    <subfield code="t">De qu&#xE9; se compone el suelo de la isla, c&#xF3;mo se origin&#xF3; y lo que alberga --</subfield>
    <subfield code="t">Consideraciones meteorol&#xF3;gicas y f&#xED;sicas --</subfield>
    <subfield code="t">Organismo de la isla y su relaci&#xF3;n cambiante entre si --</subfield>
    <subfield code="t">Fauna y flora de la isla y su relaci&#xF3;n con la clase trabajadora --</subfield>
    <subfield code="t">La industria y el comercio --</subfield>
    <subfield code="t">Quisquella: morada de seres humanos --</subfield>
    <subfield code="t">Los habitantes de la isla desde el descubrimiento hasta la actualidad --</subfield>
    <subfield code="t">La poblaci&#xF3;n nativa --</subfield>
    <subfield code="t">La gente libre en la &#xE9;poca actual --</subfield>
    <subfield code="t">De la lengua y la literatura del pa&#xED;s --</subfield>
    <subfield code="t">Religi&#xF3;n y credos de fe --Miscel&#xE1;nea --De la situaci&#xF3;n pol&#xED;tico-social del pa&#xED;s y administraci&#xF3;n del pasado y presente --Festividades, pesos y medidas, escudos y bandera --Obras que hablan estrictamente sobre Hait&#xED;</subfield>
    <subfield code="t">Miscel&#xE1;nea --</subfield>
    <subfield code="t">De la situaci&#xF3;n pol&#xED;tico-social del pa&#xED;s y administraci&#xF3;n del pasado y presente --</subfield>
    <subfield code="t">Festividades, pesos y medidas, escudos y bandera --</subfield>
    <subfield code="t">Obras que hablan estrictamente sobre Hait&#xED;.</subfield>
  </datafield>
  <datafield tag="590" ind1=" " ind2=" ">
    <subfield code="a">Inventariado, 2018/LP</subfield>
  </datafield>
  <datafield tag="651" ind1=" " ind2="4">
    <subfield code="a"> Isla Espa&#xF1;ola (Hait&#xED; y Rep&#xFA;blica Dominicana)  </subfield>
    <subfield code="9">82684</subfield>
    <subfield code="x">Historia</subfield>
  </datafield>
  <datafield tag="700" ind1="1" ind2=" ">
    <subfield code="a">Romero Reche, Mar&#xED;a Isabel,</subfield>
    <subfield code="e">tr.</subfield>
    <subfield code="9">75571</subfield>
  </datafield>
  <datafield tag="700" ind1="1" ind2=" ">
    <subfield code="a">Navarro Zerpa, Jes&#xFA;s R.,</subfield>
    <subfield code="e">ed.</subfield>
    <subfield code="9">73422</subfield>
  </datafield>
  <datafield tag="700" ind1="1" ind2=" ">
    <subfield code="a">Garc&#xED;a Cartagena, Manuel</subfield>
    <subfield code="e">corr.</subfield>
    <subfield code="9">12067</subfield>
  </datafield>
  <datafield tag="910" ind1=" " ind2=" ">
    <subfield code="a">Validado. Control de calidad MFF</subfield>
  </datafield>
  <datafield tag="942" ind1=" " ind2=" ">
    <subfield code="2">ddc</subfield>
    <subfield code="c">LBS1</subfield>
  </datafield>
  <datafield tag="952" ind1=" " ind2=" ">
    <subfield code="0">0</subfield>
    <subfield code="1">0</subfield>
    <subfield code="2">ddc</subfield>
    <subfield code="5">6</subfield>
    <subfield code="7">0</subfield>
    <subfield code="8">DS</subfield>
    <subfield code="a">BNPHU</subfield>
    <subfield code="b">BNPHU</subfield>
    <subfield code="c">HD</subfield>
    <subfield code="d">2018-11-12</subfield>
    <subfield code="o">BNPHU DS 972.93 T595i</subfield>
    <subfield code="p">48066-30</subfield>
    <subfield code="r">2020-06-25</subfield>
    <subfield code="t">e. 3</subfield>
    <subfield code="w">2020-06-25</subfield>
    <subfield code="y">LBS1</subfield>
  </datafield>
  <datafield tag="952" ind1=" " ind2=" ">
    <subfield code="0">0</subfield>
    <subfield code="1">0</subfield>
    <subfield code="2">ddc</subfield>
    <subfield code="5">6</subfield>
    <subfield code="7">0</subfield>
    <subfield code="8">DS</subfield>
    <subfield code="a">BNPHU</subfield>
    <subfield code="b">BNPHU</subfield>
    <subfield code="c">HD</subfield>
    <subfield code="d">2018-11-12</subfield>
    <subfield code="o">BNPHU DS 972.93 T595i</subfield>
    <subfield code="p">48066-40</subfield>
    <subfield code="r">2020-06-25</subfield>
    <subfield code="t">e. 4</subfield>
    <subfield code="w">2020-06-25</subfield>
    <subfield code="y">LBS1</subfield>
  </datafield>
  <datafield tag="952" ind1=" " ind2=" ">
    <subfield code="0">0</subfield>
    <subfield code="1">0</subfield>
    <subfield code="2">ddc</subfield>
    <subfield code="5">6</subfield>
    <subfield code="7">0</subfield>
    <subfield code="8">DS</subfield>
    <subfield code="a">BNPHU</subfield>
    <subfield code="b">BNPHU</subfield>
    <subfield code="c">HD</subfield>
    <subfield code="d">2018-11-12</subfield>
    <subfield code="o">BNPHU  DS 972.93 T595i</subfield>
    <subfield code="p">48066-50</subfield>
    <subfield code="r">2020-06-25</subfield>
    <subfield code="t">e. 5</subfield>
    <subfield code="w">2020-06-25</subfield>
    <subfield code="y">LBS1</subfield>
  </datafield>
  <datafield tag="952" ind1=" " ind2=" ">
    <subfield code="0">0</subfield>
    <subfield code="1">0</subfield>
    <subfield code="2">ddc</subfield>
    <subfield code="5">1</subfield>
    <subfield code="7">0</subfield>
    <subfield code="8">PD</subfield>
    <subfield code="a">BNPHU</subfield>
    <subfield code="b">BNPHU</subfield>
    <subfield code="c">HD</subfield>
    <subfield code="d">2018-11-12</subfield>
    <subfield code="o">BNPHU PD 972.93 T595i</subfield>
    <subfield code="p">48066-10</subfield>
    <subfield code="r">2020-06-25</subfield>
    <subfield code="w">2020-06-25</subfield>
    <subfield code="y">LBS1</subfield>
  </datafield>
  <datafield tag="952" ind1=" " ind2=" ">
    <subfield code="0">0</subfield>
    <subfield code="1">0</subfield>
    <subfield code="2">ddc</subfield>
    <subfield code="5">1</subfield>
    <subfield code="7">0</subfield>
    <subfield code="8">PD</subfield>
    <subfield code="a">BNPHU</subfield>
    <subfield code="b">BNPHU</subfield>
    <subfield code="c">HD</subfield>
    <subfield code="d">2018-11-12</subfield>
    <subfield code="o">BNPHU PD 972.93 T595i</subfield>
    <subfield code="p">48066-20</subfield>
    <subfield code="r">2020-06-25</subfield>
    <subfield code="t">e. 2</subfield>
    <subfield code="w">2020-06-25</subfield>
    <subfield code="y">LBS1</subfield>
  </datafield>
  <datafield tag="999" ind1=" " ind2=" ">
    <subfield code="c">47554</subfield>
    <subfield code="d">47554</subfield>
  </datafield>
</record>
